000 00521nam a2200157Ia 4500
008 210716s2001 xx 000 0 und d
020 _a9780130894908
041 _aeng
082 _a658.802 DANG
100 _aDandrea, Guillermo;Quelch, John A.
245 _aCases in strategic marketing management: business strrategies in latin america.
_bBusiness strrategies in latin america.
250 _a1
260 _aNew Jersey
_bPrentice Hall of India PVt Ltd
_c2001
300 _aviii,280
650 _aStrategic Management
999 _c198534
_d198534